000 00469nam a22001697a 4500
003 NUST - PNEC
005 20170116181014.0
008 150913b xxu||||| |||| 00| 0 eng d
020 _a1562761765
040 _cLIBRARY
082 _a005.7565 KUL
100 _910385
_aKulik, Robert Nichols
245 _aPC Learning Labs teaches FoxPro 2.5 for Windows
_cRobert Nichols Kulik
260 _cc.1993
650 _910388
_aFoxPro (Computer file)
_xMIS
942 _2ddc
_cBK
999 _c67217
_d67217